00568nam a2200169Ia 4500008004100000020001600041041000800057082001600065100004500081245005500126250000600181260004400187300001100231650001200242999001900254952012500273210716s2005 xx 000 0 und d a81788151252 aeng a332.17 RAOK aRao, Katuri Nageswara; Pahuja, Yash Paul aIndian banking: emerging issues.bEmerging issues. a1 aHyderabadbICFAI University Pressc2005 aix,190 aFinance c199642d199642 001040708MBAaAIMITbAIMITd2005-11-15g300.00l0o332.17 RAOKpMBA02207r2026-05-23 00:00:00v225.00w2021-07-16yBK